Регионална библиотека "Любен Каравелов" - Русе

Валенщайн (Запис номер 207317)

MARC детайли
000 -Лидер
Контролно поле с фиксирана дължина 01293nam a2200325 c 4500
003 - Код на организацията, давaща контролен номер
Контролно поле BLK
005 - Дата и час на последна редакция
Контролно поле 20240925005454.0
008 - Елементи от данни с фиксирана дължина
fixed length control field 180411b bul|||||r ||||||| ||bul||
010 ## - Наследен системен номер
LC control number KNG00217079000
040 ## - Източник на каталожния запис
Идентификатор на билиотеката - собственик на записа BLK
041 ## - Код за език
Код за езика на текст/звукозапис или на отделно заглавие Български
Код за езика КДБФ Български
080 ## - УДК
Текстов определител УДК Немска литература
УДК код - определител по УДК 821.112.2
УДК определител -1
УДК - код + определител 821.112.2-1
100 1# - Редна дума - Автор
Автор Шилер, Фридрих
Авторска отговорност първи автор
R(LIN) 373563
139 ## - Редно поле
Редна дума Шилер, Фридрих
Авторски знак Шил - Ш 64
245 10 - Сведения за заглавието
Заглавие Валенщайн
Подзаглавни данни Драматическа поема
Редно поле (дума) Фридрих Шилер; прев. от нем. Димитър Стоевски; предг. от Александър Георгиев Пешев; ил. Иван Кьосев.
257 ## - Страна на издаване
Страна на създаване/издаване Германия
260 ## - Област на издателските данни
Име на издателя, разпространителя и проч. Нар. култура
Година на издаване 1968
Място на издаване, разпространение и проч. София
300 ## - Физическа характеристика
Страници 544 с.
Илюстрации и др. с ил.
Размери/Мащаб 25 см
380 ## - Жанр
Жанр Худож. лит.
700 ## - Други автори (авторска отговорност)
Лично име Стоевски, Димитър
Пълна форма на името Чолаков, Димчо Стоев
9 (RLIN) 364897
700 1# - Други автори (авторска отговорност)
Лично име Пешев, Александър Георгиев
Автороска отговорност (Описва отношението между автора и произведението) предг. от
9 (RLIN) 382222
700 1# - Други автори (авторска отговорност)
Лично име Кьосев, Иван
Автороска отговорност (Описва отношението между автора и произведението) ил.
9 (RLIN) 367385
852 ## - Местоположение
Форматна сигнатура Цб II 3501
856 4# - Електронен адрес и достъп
Електронен формат pdf - файл
856 4# - Електронен адрес и достъп
Електронен формат pdf - файл
999 ## - СИСТЕМНИ КОНТРОЛНИ НОМЕРА
Koha biblionumber 207317
Koha biblioitemnumber 207317
942 ## - АРТИКУЛИ
Вид на библиотечния материал Книги
Скрит в OPAC Не
Периодичен библиозапис Да
944 ## - СЪЗДАВАНЕ И РЕДАКЦИЯ на ЗАПИСА
Създаване/Редакция Създаване
Дата на регистрацията/редакция 09.03.2018
Служител, извършил регистрацията/редакцията
Статус, дата на статуса CRON CRON
944 ## - СЪЗДАВАНЕ И РЕДАКЦИЯ на ЗАПИСА
Създаване/Редакция Редакция
Дата на регистрацията/редакция 09.03.2018
Служител, извършил регистрацията/редакцията Кети_Илиева
999 ## - СИСТЕМНИ КОНТРОЛНИ НОМЕРА
Koha biblioitemnumber 207317
Наличности
Код за отписване Код за изгубен артикул Източник на класификационната схема Код за повреда Коз за рестрикции Код за отдаване Артикулен № Име на библиотеката - собственик Име на библиотеката, в която се намира в момента Статус (Текущо местоположение) Дата на вписване в системата Местоположение - отдел Цена в лева Инвентарен номер Систематично азбучна сигнатура Баркод Номер на екземпляра Цена в евро Служебна бележка Служебен тип на артикула
  Не е изгубен Universal Decimal Classification Не е повреден само за читалня ползва се в читалня 357733 Регионална библиотека "Любен Каравелов" Русе Регионална библиотека "Любен Каравелов" Русе Хранилище 1968-01-01 Хранилище 4.67 46864 Цб II 3501 120000046864 1 2.39 Вид: Сф Дата: 01.01.1968 Книги
Изтеглен Не е изгубен Universal Decimal Classification Не е повреден без рестрикции заемане за дома 357734 Регионална библиотека "Любен Каравелов" Русе Регионална библиотека "Любен Каравелов" Русе Заемна - подръчен фонд 1968-01-01 Заемна - подръчен фонд 4.67 52105 П 830-1/Ш 64 52105 2 2.39 Вид: Сф Дата: 01.01.1968 Дата инв: 09.03.2018 Бележки инв: П2018 Книги
Vip Innovations Ltd, Rousse, Bulgaria 2025